Normal view
MARC view
- ZEMANSKY, M. W
Entry Personal Name
001 - CONTROL NUMBER
- control field: 76009
003 - CONTROL NUMBER IDENTIFIER
- control field: NUST
005 - DATE AND TIME OF LATEST TRANSACTION
- control field: 20210628205540.0
008 - FIXED-LENGTH DATA ELEMENTS
- fixed length control field: 210628|| aca||aabn | a|a d
040 ## - CATALOGING SOURCE
- Original cataloging agency: NUST
- Transcribing agency: NUST
100 ## - HEADING--PERSONAL NAME
- Personal name: ZEMANSKY, M. W
670 ## - SOURCE DATA FOUND
- Source citation: Work cat.: (NUST): ZEMANSKY, M. W, HEAT AND THERMODYNAMICS AN INTRODUCTION TEXTBOOK, 1968
